LEADER 00908nam0-22003131i-450- 001 990001876110403321 005 20021010 035 $a000187611 035 $aFED01000187611 035 $a(Aleph)000187611FED01 035 $a000187611 100 $a20021010d--------km-y0itay50------ba 101 0 $aita 200 1 $a<>rapporti fra la malaria e la colonizzazione interna$fGiacomo Rossi. 210 $aS. Maria Capua Vetere$c...$d1922. 215 $a29 p.$d23 cm 300 $aEstr. da: La Malariologia, 1 ser., 15(3-4), 1922 610 0 $aIgiene ambientale 610 0 $aMalaria 676 $a614.432 700 1$aRossi,$bGiacomo$0333743 801 0$aIT$bUNINA$gRICA$2UNIMARC 901 $aBK 912 $a990001876110403321 952 $a60 MISC. B 163/16$b$fFAGBC 959 $aFAGBC 996 $aRapporti fra la malaria e la colonizzazione interna$9400591 997 $aUNINA DB $aING01 LEADER 01297cam0-2200337---450 001 990005485940403321 005 20220117133151.0 035 $a000548594 035 $aFED01000548594 035 $a(Aleph)000548594FED01 035 $a000548594 100 $a19990604d1843----km-y0itay50------ba 101 0 $aita 102 $aIT 105 $aaf------000yy 200 1 $aCenni sulla maniera di rinvenire i vasi fittili italo-greci$esulla loro costruzione, sulle loro fabbriche pił distinte e sulla progressione e decadimento dell'arte vasaria$fdi Raffaele Gargiulo 205 $a2. ed. riv. e corretta con l'aggiunta di nuove osservazioni 210 $aNapoli$cTip. Virgilio$d1843 215 $a40 p., 16 tav.$cill.$d28 cm 610 0 $aCeramiche italiote 676 $a930.1 676 $a738.0901 700 1$aGargiulo,$bRaffaele$09916 801 0$aIT$bUNINA$gRICA$2UNIMARC 856 4 $zVisualizza la versione elettronica in SBNWeb$uhttps://books.google.it/books?id=Nf6feAyURikC&printsec=frontcover&hl=it&source=gbs_ge_summary_r&cad=0#v=onepage&q&f=false$e20220117 901 $aBK 912 $a990005485940403321 952 $aSG 900/C 19 (3)$bARCH. 13324$fFLFBC 959 $aFLFBC 996 $aCenni sulla maniera di rinvenire i vasi fittili italo-greci$9589869 997 $aUNINA